000
00227nam a2200085Ia 4500
005
20250523150955.0
008
250523s9999 xx 000 0 und d
245
0
_a
Ece Yüce/Annem Beni Sevmiyormu
_c
Gülten Dayıoğlu
260
_b
ALTIN
999
_c
11941
_d
11941